000 00632nam a2200253 a 4500
003 AR-BaBNM
005 20251128205910.0
008 082120s2002 ||||||||||||||000 | spa||
020 _a950-694-531-4
040 _cAR-BaBNM
100 1 _aArzoumanian, Ana
245 0 0 _aDebajo de la piedra
250 _a1ยช ed.
260 _aBuenos Aires
_bGrupo Editor Latinoamericano
_c1998
300 _a138 p.
490 0 _aEscritura de hoy
650 4 _aLITERATURA ARGENTINA
650 4 _aLITERATURA CONTEMPORANEA
650 4 _aPOESIA
653 _aINFLUENCIA CLASICA
655 _aLITERATURA
942 _cBK
998 _cMARTIN
999 _c13201
_d13201